000 00571cam a22002171 4500
001 sa 68005644
003 DLC
005 20260227112510.0
008 891013s1966 ii c 000 0 kano
010 _asa 68005644
035 _a(OCoLC)20488410
040 _aDLC
_cWaU
_dDLC
042 _apremarc
050 0 0 _aPK840
_b.G3
100 1 _aJōśi, Kēśavaśarmā Raṅgabhaṭṭa,
_d1893-1966.
245 1 0 _aSālaṅkr̥ta sāhitya.
260 _c[1966]
300 _axix, 147 p.
_bport.
_c22 cm.
500 _aIn Kannada.
650 0 _aSanskrit language
_xRhetoric.
999 _c80841
_d80841